| 000 | 01164nam a2200301 i 4500 | ||
|---|---|---|---|
| 001 | bg | ||
| 100 | 1 |
_aJackson, Albert. _d(1943- ). |
|
| 245 | 1 | 0 |
_aWłasny dom : _bnaprawa, remont, budowa / _cAlbert Jackson, David Day ; tł. Leszek Kulczycki, Hanna Turczyn-Zalewska, Jerzy Woźniak. |
| 246 | 1 |
_iTyt. oryg. : _aCollins complete DIY manual |
|
| 260 |
_aWarszawa : _bHachette Livre Polska, _c2008. |
||
| 300 |
_a549 s. : _bil. ; _c29 cm. |
||
| 500 | _aNa okł. podtyt. : budowa, remont, naprawa. U dołu okł. : modernizacja, malowanie, dekorowanie, projekty, materiały, narzędzia, hydraulika, elektryczność, ogrzewanie. | ||
| 650 | 9 |
_aBudownictwo jednorodzinne _xremont |
|
| 655 | _aPoradniki | ||
| 700 | 1 |
_aDay, David _d(1944- ) |
|
| 700 | 1 |
_aKulczycki, Leszek. _eTł. |
|
| 700 | 1 |
_aTurczyn-Zalewska. _eTł. |
|
| 700 | 1 |
_aWoźniak, Jerzy _d(1950- ). _eTł. |
|
| 020 | _a9788374486620 | ||
| 040 | _cBPK | ||
| 041 | 1 |
_apol _heng |
|
| 044 | _aPOL | ||
| 080 | _a69.059:728.3](083.1) | ||
| 920 | _a978-83-7448-662-0 | ||
| 942 | _cKS | ||
| 008 | s pl f |000 0 pol | ||
| 999 |
_c54962 _d54962 |
||
| 856 |
_uhttp://koha.tu.koszalin.pl/cgi-bin/koha/opac-detail.pl?biblionumber=54962 _yKatalog online BPK |
||